| 000 | 00634pam a2200229 a 4500 | ||
|---|---|---|---|
| 008 | |||
| 020 | _a0750621583 | ||
| 049 | _aMAIN | ||
| 090 | _aTH9025 | ||
| 100 | 1 | _aRichardson, Barry A. | |
| 245 | 1 | 0 |
_aRemedial treatment of buildings / _cBarry A. Richardson. |
| 250 | _a2nd ed. | ||
| 260 |
_aOxford : _bButterworth-Heinemann, _c1995. |
||
| 300 |
_axiii, 344 p. : _bill. ; _c24 cm. |
||
| 500 | _aIncludes index. | ||
| 650 | 0 | _aBuilding protection. | |
| 907 |
_a.b10067966 _b13-09-05 _c17-04-03 |
||
| 003 | |||
| 005 | 20230123133243.0 | ||
| 040 | _cNUST | ||
| 942 |
_cBOOKS _kTH9025 |
||
| 999 |
_c145399 _d145399 |
||